Villes et villages dans les jeux Mario - Statistiques

Statistiques générales
  • Ce quiz a été pris 4 fois
  • Le résultat moyen est 3 sur 60
Statistiques - réponses
Jeu de première apparition Ville/Village % Correct
Paper Mario: La Porte Millénaire Port-Lacanaie
67%
Mario Kart: Double Dash Champiville
33%
Super Mario Odyssey New Donk City
33%
Paper Mario: Color Splash Port-Barbouille
33%
Super Paper Mario Recto
33%
Paper Mario Toadville
33%
Super Paper Mario Verso
33%
Paper Mario: The Origami King Azur-les-Bains
0%
Super Mario RPG Beaurivage
0%
Mario & Sonic aux Jeux Olympiques d'hiver Brillebourg
0%
Paper Mario: La Porte Millénaire Carafleur
0%
Paper Mario: The Origami King Champibourg
0%
Super Mario RPG Cité des Noces
0%
Mario Kart World Cité Fleur-de-Sel
0%
Mario Kart 8 Cité Sorbet
0%
Mario & Sonic aux Jeux Olympiques d'hiver Colkigel
0%
Mario & Sonic aux Jeux Olympiques d'hiver Cubyrinthe
0%
Paper Mario: Sticker Star Décalbourg
0%
WarioWare Inc: Mega mini-Jeux Diamantville
0%
Mario & Luigi: Dream Team Bros Evolis
0%
Super Mario Odyssey Flocons-en-Flonflonnie
0%
Paper Mario Frissonville
0%
Super Mario Sunshine Gelato-Les-Flots
0%
Mario & Sonic aux Jeux Olympiques d'hiver Givreville
0%
Paper Mario; La Porte Millénaire Grosbourg
0%
Super Mario Odyssey Haut-de-Bourg
0%
Paper Mario Havre Etoile
0%
Super Mario Odyssey Ifézec
0%
Mario Kart 7 Koopapolis
0%
Super Mario Odyssey La Robelle
0%
Mario & Luigi: Superstar Saga LittleToad
0%
Mario Party 5 LudiRêve
0%
Mario Kart 8 Mute City
0%
Mario & Luigi: L'épopée fraternelle Nababia
0%
Mario vs Donkey Kong Noctopolis
0%
Paper Mario: La Porte Millénaire Penocta
0%
Paper Mario: La Porte Millénaire Perduvostok
0%
Super Mario Odyssey Pétillance
0%
Paper Mario: La Porte Millénaire Picaly Hills
0%
Mario & Sonic aux Jeux Olympiques d'hiver Pikaglace
0%
Super Mario Odyssey Piton du Frouno Village
0%
Super Mario Sunshine Place Delfino
0%
Super Mario Sunshine Port Ricco
0%
Paper Mario: La Porte Millénaire Riverside
0%
Super Mario RPG Rosenville
0%
Super Mario RPG Taupinie
0%
Mario Kart World Trophéopolis
0%
Super Mario Odyssey Verdure-sur-Vapeur
0%
Super Paper Mario Village Cragnon
0%
Mario & Luigi: Les Frères du Temps Village de Holijoli
0%
Paper Mario Village Goomba
0%
Paper Mario Village Koopa
0%
Super Mario Sunshine Village Pianta
0%
Mario & Luigi: Superstar Saga Village Uf
0%
Paper Mario Village Yoshi
0%
Mario & Luigi: L'épopée fraternelle Villarctique
0%
Mario & Luigi: L'épopée fraternelle Villardente
0%
Super Paper Mario Ville d'Antan
0%
Mario Kart 7 Wuhuville
0%
Paper Mario: La Porte Millénaire Yunnanville
0%
Aucun quiz correspondant
Distribution des résultats
% des personnes avec chaque résultat
Percentile par nombre de réponses
Votre historique - résultats
Vous n’avez pas pris ce quiz